000 00570nam a2200205 i 4500
001 130978
003 ES-MaACL
005 20250727033929.0
007 t|
008 070214s1922 ag r ||||1| spa d
100 1 _aRocker, Rudolf,
_d1873-1958
_998081
245 1 0 _aBolchevismo y anarquismo /
_cRudolf Rocker.
260 _aBuenos Aires :
_bArgonauta,
_c1922.
300 _a65 p.
650 7 _aComunismo
_2embne
_911211
650 7 _aAnarquismo
_2embne
_99783
852 _aES-MaACL
_j1669-F-4
852 _aES-MaACL
_j1636-F-9
999 _c130978
_d130978